Maria... : Mariánská zjevení a poselství lidem 20.století. Dodatek 5, Maria, Mystická Růže /

Hlavní autor: Press, František, 1932-2004
Jazyk: Čeština
Vydáno: Brno : Mariánské nakladatelství, 1993
Vydání: 1. vyd.
Témata:
Externí odkaz: Digitalizovaný dokument
Fyzický popis: 93 s. : barev. obr.
Knihy
Uloženo v:
LEADER 01165nam a2200301 a 4500
001 000006137
003 CZ BrMZK
005 20260323114955.0
007 ta
008 940103s1993 xr a f cze d
015 |a cnb000081024 
020 |a 80-900255-8-7  |c 30.00  |z 80-90025-8-7 
040 |a BOA001  |b cze 
080 |a 235 Maria, svatá  |2 MRF 
100 1 |a Press, František,  |d 1932-2004  |7 jn19990209688 
245 1 0 |a Maria... :  |b Mariánská zjevení a poselství lidem 20.století.  |n Dodatek 5,  |p Maria, Mystická Růže /  |c Vybr., přel. a koment. ... 
246 3 0 |a Maria, Mystická Růže 
250 |a 1. vyd. 
260 |a Brno :  |b Mariánské nakladatelství,  |c 1993 
300 |a 93 s. :  |b barev. obr. 
500 |a Dostupné též v digitální podobě v aplikaci Kramerius 
653 0 |a mariánská zjevení 
856 4 1 |u https://www.digitalniknihovna.cz/mzk/uuid/uuid:d7f9a10e-28ec-11f1-b372-02674204852e  |y Digitalizovaný dokument  |x NDK 
910 |a BOA001  |b 2-0967.844,5 
962 |a 23/28 
964 |a Maria, svatá - rozjímání 
990 |a BK 
996 6 |b 2610004269  |c 2-0967.844,5  |l MZK  |r Sklad / do 1 hodiny  |n 5  |p p.v.  |w 000006137  |u 000010  |a 1  |e BOA001  |j MZK50  |s P